000 00762nam a2200229Ii 4500
003 JO-AjNU
008 230605s9999||||xx |||||||||||||| ||und||
017 _a1989/234
040 _aJO-AjNU
_bara
_erda
_cJO-AjNU
041 _aara
050 1 4 _aPQ2605 1989
100 3 _aترجمة حسن،مها محمد,
_eauthor
_915626
245 0 0 _aساكن النجوم وقصص أخرى
250 _aط1
264 3 1 _aبغداد:وزارة الثقافة دار ثقافة الأطفال العراق،1989
300 _a192ص
336 _atext
_btxt
_2rdacontent
337 _aunmediated
_bn
_2rdamedia
338 _avolume
_bnc
_2rdacarrier
490 0 _aسلسلة الخيال العلمي
650 4 _aقصص - ساكن النجوم وقصص أخرى
_915627
999 _aA4456
_c8024
_d8024